Statistiken für Allgemeinwissen der Geschichte #10

Klicken Sie hier um das Quiz zu spielen!

Allgemein

  • Dieses Quiz wurde 1,394 mal gespielt
  • Das Durchschnittsergebnis liegt bei 10 aus 20

Antwortstatistiken

Frage Antwort % Korrekt
Was für ein Transportmittel war die "Hindenburg"?Zeppelin
97%
Welcher berüchtigte Anführer hatte einen ähnlichen Bart wie Charlie Chaplin?Adolf Hitler
91%
Welcher Komponist starb 1791 während er ein Requiem schrieb?W. A. Mozart
73%
Welches deutsche Königreich wurde von Ludwig II. regiert, dem Erbauer des berühmten
Schlosses Neuschwanstein?
Bayern
73%
Welches Land war in seiner eigenen Sprache als "CCCP" bekannt?UdSSR
71%
Wer wurde am 28. Juni 1914 in Sarajevo ermordet?Franz Ferdinand
69%
Welche Kreatur wurde zur Behandlung des Aderlasses eingesetzt?Blutegel
68%
Welche aus der Neuen Welt importierte Pflanze veränderte die italienische Küche massiv?Tomate
57%
Welche Stadt belagerten die Nazis für 872 Tage, konnten sie aber nie einnehmen?Leningrad
56%
Welche Nation kämpfte in einem Krieg gegen Emus - und scheiterte kläglich?Australien
53%
Welches Land war Privatbesitz von König Leopold von Belgien?D.R. Kongo
49%
Welcher englische König kämpfte in den Kreuzzügen gegen Saladin?Richard Löwenherz
48%
Welcher Industrieller gilt als reichster Mensch der Neuzeit - dank seinem
Monopol in der US-Ölindustrie?
John D. Rockefeller
39%
Welches Land wurde 1935 von Italien besetzt?Äthiopien
36%
In welchem Jahr trat das erste deutsche Parlament in der Frankfurter Paulskirche zusammen?1848
35%
Welches maoistische Wirtschaftsprogramm endete in einer Hungersnot,
die mindestens 20 Millionen Menschen tötete?
{Großer} {Sprung}
nach vorn
32%
Welche Organisation war ein gescheiterter Vorgänger der Vereinten Nationen?Völkerbund
32%
Wer trug einen pinken Chanel-Anzug und einen dazu passenden Pillbox-Hut?Jackie Kennedy
14%
Was war die de-facto-Staatsreligion des Achämenidenreiches?Zoroastrismus
9%
Welches Pelzhandelsunternehmen, 1670 gegründet, besaß einst 1/3 der Landfläche Kanadas?Hudson's Bay
Company
9%

Verteilung der Resultate

Perzentil nach korrekt beantworteten Fragen

Anzahl Personen mit jedem Resultat

Ihre Resultats-Entwicklung

Sie haben dieses Quiz noch nicht gespielt